Presidents of Finland Quiz - Statistics

General Stats
  • This quiz has been taken 195 times
    60 since last reset
  • The average score is 10 of 13
Answer Stats
Picture Hint Answer % Correct
2012-2024 Sauli Niinistö
90%
2024- Alexander Stubb
88%
2000-2012 Tarja Halonen
88%
1956-1982 Urho Kekkonen
88%
1944-1946 Carl Gustaf Emil Mannerheim
85%
1919-1925 K.J. Ståhlberg
85%
1994-2000 Martti Ahtisaari
85%
1982-1994 Mauno Koivisto
78%
1937-1940 Kyösti Kallio
76%
1940-1944 Risto Ryti
76%
1931-1937 P.E Svinhufvud
73%
1946-1956 J.K Paasikivi
71%
1925-1931 Lauri Relander
63%
No matching quizzes found
Score Distribution
Percent of People with Each Score
Percentile by Number Answered
Your Score History
You have not taken this quiz since the last reset